Statistics for Countries by Former Capital

Click here to take the quiz!

General Stats

  • This quiz has been taken 10 times
  • The average score is 12 of 55

Answer Stats

YearsCapitalModern Day Country% Correct
1914-1991LagosNigeria
100%
1949-1990BonnGermany
88%
927-1066WinchesterUnited Kingdom
88%
1809-1812TurkuFinland
63%
1611-1612YaroslavlRussia
63%
1469-1561ValladolidSpain
63%
1558-1777, 1874-1955HuếVietnam
63%
1914-1920DurrësAlbania
50%
1642-1651KilkennyIreland
50%
972-1256EsztergomHungary
38%
1592-1815KandySri Lanka
38%
1204-1261İznikTurkey
38%
772 BC-221 BC, 25-220LuoyangChina
25%
1756-1776VaraždinCroatia
25%
c. 1020-1443RoskildeDenmark
25%
1571-1585Fatehpur SikriIndia
25%
1949-1975Luang PrabangLaos
25%
700 BC-1530MdinaMalta
25%
1852-1918CetinjeMontenegro
25%
1038-1047, 1078-1313PłockPoland
25%
1351-1666, 1688-1767AyutthayaThailand
25%
1907-1935LivingstoneZambia
25%
1625-1628James TownBarbados
13%
1456-1470sDebre BerhanEthiopia
13%
1821-1836NafplioGreece
13%
1948-1949BukittinggiIndonesia
13%
1943-1945SalòItaly
13%
694-710KashiharaJapan
13%
1926-1929QyzylordaKazakhstan
13%
1893-1953ZombaMalawi
13%
1559-1769GorkhaNepal
13%
1821-1857GranadaNicaragua
13%
997-1217NidarosNorway
13%
1994-2006KororPalau
13%
1946-1976BaguioPhilippines
13%
1818-1841KragujevacSerbia
13%
1708-1722, 1727-1734HlukhivUkraine
13%
1527-1578CoroVenezuela
13%
681-893PliskaBulgaria
0%
802-1431YaśodharapudaCambodia
0%
1886-1926BomaDemocratic Republic of the Congo
0%
641-750, 905-969FustatEgypt
0%
1874-1877LevukaFiji
0%
c. 1010 BC-c. 1007 BCMahanaimIsrael
0%
1900-1933BingervilleIvory Coast
0%
1534-1872Spanish TownJamaica
0%
1886-1892OtjimbingweNamibia
0%
1840-1841OkiatoNew Zealand
0%
13th century-15th centuryCâmpulungRomania
0%
1623-1727Old Town RoadSaint Kitts and Nevis
0%
1744-1818DiriyahSaudi Arabia
0%
1896-1942TulagiSolomon Islands
0%
538-660SabiSouth Korea
0%
1798AarauSwitzerland
0%
1592-1783San Jose de OruñaTrinidad and Tobago
0%

Score Distribution

Percentile by Number Answered

Percent of People with Each Score

Your Score History

You have not taken this quiz